000 00772nam a2200253Ia 4500
003 OSt
005 20220927111525.0
006 a|||||r|||| 00| 0
007 ta
008 220926b |||||||| |||| 00| 0 eng d
024 _a123122
037 _cReports
040 _aRTL
_cRTL
_beng
041 _2eng
_aeng
082 _a"Sigma.212Es, M6/GD"
110 _a"Kerala, (Govt Of-) Economics And Statistics (Deptt Of-)"
_9382259
245 0 _aDistrict statistical handbook
_b Ernakulam
260 _aTrivandrum
_bGovt. Press India
_c1986
300 _a122p.
_ccm.
650 _aSocial Science
700 _a"Kerala, (Govt Of-) Economics And Statistics (Deptt Of-)"
_9382260
942 _h"Sigma.212Es, M6/GD"
_cCC
999 _c699234
_d699234